Statistics for City Records

Click here to take the quiz!

General Stats

  • This quiz has been taken 18 times
  • The average score is 8 of 15

Answer Stats

RecordMetricImperialAnswer% Correct
Hosted most Summer Olympics3London
93%
Mercer lowest quality of livingBaghdad
80%
Most safe92.0 / 100Tokyo
73%
Most museums297Paris
73%
Hosted most FIFA World Cups2Mexico City | Rio de Janeiro | Rome
73%
Hosted most Super Bowls11Miami
73%
Northernmost78°55′30″N 11°55′20″ENy-Ålesund
67%
Hosted most Winter Olympics2Innsbruck | Lake Placid | St. Moritz
67%
Mercer highest quality of livingVienna
60%
Least elevated−258 m−846 ftJericho
40%
Most demonstrations in one year13,158‬(2016)Hong Kong
40%
Oldest continuously inhabited3200 BCELuxor
27%
Highest murder rate138 per 100,000 inhabitantsTijuana
27%
Southernmost54°56′S 67°37′WPuerto Williams
20%
Most elevated5,130 m16,830 ftLa Rinconada
20%

Score Distribution

Percentile by Number Answered

Percent of People with Each Score

Your Score History

You have not taken this quiz